000 01015nam a22002175i 4500
001 54423
003 ES-MaACL
005 20250524063045.0
007 t|
008 961105s1870 sp ||||1| spa d
080 _a82.09
100 1 _aFort, Carlos Ramón,
_d1807-1878
_951833
245 1 0 _aDiscurso que al inaugurarse el año académico de 1870 a 1871 en la Universidad Libre de Vitoria leyó su rector y catedrático de derecho Doctor D. Carlos Ramón Fort.
260 _aVitoria :
_b[s.n.],
_c1870 (
_fImp. de los Hijos de Manteli, a cargo de Raimundo Ibáñez de Betolaza)
300 _a46, [10] p. ;
_c25 cm.
594 _aTema: Sobre la conveniencia de dar impulso a los estudios de historia literaria en nuestros establecimientos de instrucción superior ; Varones insignes de la historia literaria, principalmente de Álava
650 _aLiteratura-
_xHistoria y crítica.
_914489
710 2 _aUniversidad Libre de Vitoria.
_97387
852 4 _aES-MaACL
_jT-111-F-3
999 _c54423
_d54423